Meilleurs buteurs des vainqueurs des Coupe du Monde - Statistiques

Statistiques générales
  • Ce quiz a été pris 112 fois
  • Le résultat moyen est 10 sur 22
Statistiques - réponses
Année Pays Joueurs % Correct
2018 France Kylian Mbappé/Antoine Griezmann
100%
2022 Argentine Lionel Messi
100%
2002 Brésil Ronaldo
87%
2010 Espagne David Villa
84%
1974 RFA Gerd Muller
83%
2014 Allemagne Thomas Muller
83%
1998 France Thierry Henry
79%
1958 Brésil Pelé
75%
1986 Argentine Diego Maradona
72%
1994 Brésil Romario
51%
1962 Brésil Garrincha/Vava
46%
2006 Italie Luca Toni/Marco Materazzi
41%
1982 Italie Paolo Rossi
39%
1978 Argentine Mario Kempes
27%
1990 RFA Lothar Matthaus
26%
1970 Brésil Jairzinho
22%
1966 Angleterre Geoffrey Hurst
13%
1938 Italie Silvio Piola
2%
1954 RFA Maximilian Morlock
1%
1934 Italie Angelo Schiavio
0%
1930 Uruguay Hector Castro
0%
1950 Uruguay Oscar Miguez
0%
Aucun quiz correspondant
Distribution des résultats
% des personnes avec chaque résultat
Percentile par nombre de réponses
Votre historique - résultats
Vous n’avez pas pris ce quiz